Formel 1 Podium 2025 - Statistiken

Allgemein
  • Dieses Quiz wurde 306 mal gespielt
    42 seit der letzten Aktualisierung
  • Das Durchschnittsergebnis liegt bei 8 aus 9
Antwortstatistiken
Antwort % Korrekt
Lando Norris
100%
Max Verstappen
100%
Carlos Sainz
97%
Charles Leclerc
97%
Oscar Piastri
97%
George Russell
94%
Kimi Antonelli
94%
Nico Hülkenberg
86%
Isack Hadjar
80%
Keine übereinstimmenden Quizze gefunden
Verteilung der Resultate
Anzahl Personen mit jedem Resultat
Perzentil nach korrekt beantworteten Fragen
Ihre Resultats-Entwicklung
Sie haben dieses Quiz seit der letzten Aktualisierung nicht gespielt